000 00600nam a2200241Ia 4500
003 OSt
005 20221005114056.0
006 a|||||r|||| 00| 0
007 ta
008 221004b |||||||| |||| 00| 0 eng d
024 _a47187
037 _cTextual
040 _aCRL
_cCRL
_beng
041 _2eng
_aeng
082 _aO111,3N03,1, 31J7
100 _aPaton Au.
_9625409
245 0 _aAnaiyin kurd
260 _c1957
650 _a ENGLISH LITERATURE
650 _aENGLISH FICTION
942 _hO111,3N03,1, 31J7
_cTEXL
_2cc
999 _c1030165
_d1030165